[Event "SLO-CupT"]
[Site "Komenda"]
[Date "2018.06.01"]
[Round "1.2"]
[White "Dajcman, Aleksander"]
[Black "Kejzar, Petra"]
[Result "0-1"]
[WhiteElo "1466"]
[BlackElo "2078"]
[PlyCount "192"]
[EventDate "2018.06.01"]
[EventType "team-swiss"]
[EventRounds "5"]
[EventCountry "SLO"]
[SourceTitle "EXT 2020"]
[Source "ChessBase"]
[SourceDate "2019.10.17"]
[SourceVersion "1"]
[SourceVersionDate "2019.10.17"]
[SourceQuality "1"]
[WhiteTeam "Prevodi Dvojka II"]
[BlackTeam "Prevodi Dvojka"]
[WhiteTeamCountry "SLO"]
[BlackTeamCountry "SLO"]

1. e4 c5 2. Nf3 e6 3. d4 cxd4 4. Nxd4 Nf6 5. Nc3 d6 6. Be2 Nc6 7. Be3 a6 8. 0-0 Be7 9. Kh1 0-0 10. f4 Qc7 11. f5 Ne5 12. Qe1 b5 13. Qg3 Kh8 14. a3 Bb7 15. fxe6 Nxe4 16. Nxe4 Bxe4 17. exf7 Qd7 18. Bf4 Bf6 19. Rae1 Bg6 20. c3 Bxf7 21. Nf3 Rfe8 22. Nxe5 dxe5 23. Bg4 exf4 24. Bxd7 fxg3 25. Bxe8 Rxe8 26. Rxe8+ Bxe8 27. Re1 Bf7 28. hxg3 Kg8 29. Kg1 Bc4 30. Re8+ Kf7 31. Ra8 Bg5 32. Rxa6 Be3+ 33. Kh2 Bc1 34. a4 Bxb2 35. axb5 Bd5 36. Rd6 Be4 37. c4 Be5 38. Rd2 Ke6 39. c5 h5 40. Kh3 Bf5+ 41. Kh2 h4 42. c6 Bxg3+ 43. Kh1 Bf4 44. Rd1 Bc7 45. Rd7 Be5 46. b6 Be4 47. b7 Bxc6 48. b8Q Bxb8 49. Rxg7 Kf5 50. Kg1 Be5 51. Rg8 Bd5 52. Rd8 Bc4 53. Rc8 Be2 54. Kf2 Ba6 55. Rc6 Bd4+ 56. Ke1 Bd3 57. Rc8 Kf4 58. Rd8 Ke3 59. Re8+ Be4 60. Kf1 Kf4 61. Rd8 Bd3+ 62. Ke1 Bc3+ 63. Kf2 Bf5 64. Kg1 Kg3 65. Kh1 Bb4 66. Rb8 Be1 67. Rb3+ Kf4 68. Rf3+ Kg4 69. Rb3 Bd2 70. Ra3 Be4 71. Rb3 Kf4 72. Ra3 Be3 73. Ra4 Ke5 74. Ra5+ Kd4 75. Ra4+ Kd3 76. Rb4 Bd4 77. Rb8 Ke2 78. Re8 Kd3 79. Rd8 Ke3 80. Re8 Kf4 81. Rf8+ Kg5 82. Rg8+ Kf5 83. Rf8+ Kg5 84. Rg8+ Kf5 85. Rf8+ Bf6 86. Rb8 Kg6 87. Rb4 Kf5 88. Rb5+ Be5 89. Ra5 Kf4 90. Ra4 Ke3 91. Ra3+ Kf2 92. Ra2+ Kf1 93. Rd2 Bc3 94. Rd1+ Kf2 95. Rg1 h3 96. Kh2 Bxg2 0-1

[Event "SLO-ch U20"]
[Site "Bled"]
[Date "2016.06.27"]
[Round "5"]
[White "Dajcman, Aleksander"]
[Black "Dajcman, Nikolaj"]
[Result "0-1"]
[WhiteElo "1434"]
[BlackElo "1595"]
[PlyCount "58"]
[EventDate "2016.06.25"]
[EventType "swiss"]
[EventRounds "7"]
[EventCountry "SLO"]
[SourceTitle "EXT 2019"]
[Source "ChessBase"]
[SourceDate "2018.10.10"]
[SourceVersion "1"]
[SourceVersionDate "2018.10.10"]
[SourceQuality "1"]

1. e4 e6 2. d4 d5 3. exd5 exd5 4. Bf4 Bd6 5. Bxd6 Qxd6 6. c3 c6 7. Bd3 Ne7 8. Nf3 Bf5 9. 0-0 0-0 10. Re1 Bxd3 11. Qxd3 Nd7 12. Nbd2 Ng6 13. Nf1 Nf6 14. Ng3 Rfe8 15. Rad1 Rad8 16. Kf1 Kf8 17. Re3 Rxe3 18. Qxe3 Re8 19. Qd2 Ne4 20. Nxe4 dxe4 21. Ne5 Nxe5 22. dxe5 Qxe5 23. Qd6+ Qxd6 24. Rxd6 Ke7 25. Rd4 f5 26. Ke2 Ke6 27. c4 Re7 28. Ke3 Ke5 29. f3 f4+ 0-1

[Event "SLO-ch U20"]
[Site "Bled"]
[Date "2016.06.26"]
[Round "3"]
[White "Marn, Jan"]
[Black "Dajcman, Aleksander"]
[Result "1-0"]
[WhiteElo "1831"]
[BlackElo "1434"]
[PlyCount "89"]
[EventDate "2016.06.25"]
[EventType "swiss"]
[EventRounds "7"]
[EventCountry "SLO"]
[SourceTitle "EXT 2019"]
[Source "ChessBase"]
[SourceDate "2018.10.10"]
[SourceVersion "1"]
[SourceVersionDate "2018.10.10"]
[SourceQuality "1"]

1. d4 d5 2. c4 e6 3. Nc3 Nf6 4. Bg5 Be7 5. e3 0-0 6. Nf3 c5 7. Bd3 cxd4 8. Nxd4 dxc4 9. Bxc4 b6 10. 0-0 Bb7 11. Qe2 Ne4 12. Nxe4 Bxe4 13. Bf4 Bd6 14. Rfd1 Qe7 15. Bxd6 Qxd6 16. Nxe6 Qe7 17. Nxf8 Kxf8 18. Qh5 Nd7 19. Qxf7+ Qxf7 20. Bxf7 Kxf7 21. Rxd7+ Kf6 22. f3 Bf5 23. Rd6+ Ke7 24. Rad1 Rc8 25. R1d2 Rc1+ 26. Kf2 Rh1 27. h3 Ra1 28. a3 Rc1 29. e4 Be6 30. f4 Rc4 31. f5 Bc8 32. Ke3 Rc1 33. R6d4 Re1+ 34. Kf4 Rf1+ 35. Ke5 Rc1 36. g4 Rh1 37. R4d3 Rc1 38. g5 Rc6 39. f6+ gxf6+ 40. gxf6+ Rxf6 41. Rd7+ Bxd7 42. Rxd7+ Kxd7 43. Kxf6 Ke8 44. Ke6 Kd8 45. Kf7 1-0

[Event "Ptuj op 10"]
[Site "Ptuj"]
[Date "2015.10.31"]
[Round "9"]
[White "Podkriznik, Aleksander"]
[Black "Dajcman, Aleksander"]
[Result "1-0"]
[WhiteElo "1727"]
[BlackElo "1426"]
[PlyCount "83"]
[EventDate "2015.10.24"]
[EventType "swiss"]
[EventRounds "9"]
[EventCountry "SLO"]
[SourceTitle "CBM 169 Extra"]
[Source "ChessBase"]
[SourceDate "2015.12.18"]
[SourceVersion "1"]
[SourceVersionDate "2015.12.18"]
[SourceQuality "1"]

1. e4 e5 2. Nf3 Nc6 3. Bb5 a6 4. Ba4 Bc5 5. 0-0 Nf6 6. d3 d6 7. c3 b5 8. Bc2 Bg4 9. Re1 0-0 10. Nbd2 b4 11. Nf1 Ne7 12. Bg5 Ng6 13. h3 Be6 14. d4 exd4 15. cxd4 Bb6 16. Ng3 h6 17. Be3 c5 18. d5 Bd7 19. Nd2 Nh7 20. Nc4 Bb5 21. Bd3 Bxc4 22. Bxc4 Ne5 23. Bf1 Re8 24. f4 Ng6 25. Qf3 Nf6 26. Bd3 a5 27. Rac1 a4 28. Bb5 Re7 29. Bf2 Ra5 30. Bc6 Rc7 31. e5 dxe5 32. fxe5 Nh4 33. Qd3 Rxc6 34. exf6 Rxf6 35. Nh5 Rxf2 36. Rc4 Rxg2+ 37. Kf1 g6 38. Re8+ Qxe8 39. Nf6+ Kf8 40. Nxe8 Kxe8 41. Rxh4 c4 42. Qe4+ 1-0

[Event "Ptuj op 10"]
[Site "Ptuj"]
[Date "2015.10.24"]
[Round "1"]
[White "Gantar, Jan"]
[Black "Dajcman, Aleksander"]
[Result "1-0"]
[WhiteElo "2165"]
[BlackElo "1426"]
[PlyCount "23"]
[EventDate "2015.10.24"]
[EventType "swiss"]
[EventRounds "9"]
[EventCountry "SLO"]
[SourceTitle "CBM 169 Extra"]
[Source "ChessBase"]
[SourceDate "2015.12.18"]
[SourceVersion "1"]
[SourceVersionDate "2015.12.18"]
[SourceQuality "1"]

1. Nf3 Nc6 2. e4 e5 3. Nc3 Nf6 4. h3 Bc5 5. Nxe5 Nxe5 6. d4 Bb4 7. dxe5 Nxe4 8. Qd4 Nxc3 9. Qxb4 Nd5 10. Qe4 Nb6 11. Bd3 0-0 12. Qxh7# 1-0

[Event "Kozje op 2nd"]
[Site "Kozje"]
[Date "2015.09.13"]
[Round "5"]
[White "Dajcman, Aleksander"]
[Black "Paternoster, Janez"]
[Result "0-1"]
[WhiteElo "1446"]
[BlackElo "1382"]
[PlyCount "191"]
[EventDate "2015.09.11"]
[EventType "swiss"]
[EventRounds "5"]
[EventCountry "SLO"]
[SourceTitle "EXT 2016"]
[Source "ChessBase"]
[SourceDate "2015.10.08"]
[SourceVersion "1"]
[SourceVersionDate "2015.10.08"]
[SourceQuality "1"]

1. d4 d5 2. e3 c6 3. Bd3 Nf6 4. Nf3 Bg4 5. Nbd2 Nbd7 6. c3 e6 7. 0-0 Bd6 8. Bb1 Qc7 9. Qc2 Bf5 10. Qb3 Bxb1 11. Rxb1 0-0 12. Re1 Rfe8 13. e4 e5 14. exd5 Nxd5 15. dxe5 Nxe5 16. Nxe5 Bxe5 17. Nf3 Bxh2+ 18. Kh1 Rxe1+ 19. Nxe1 Bd6 20. Bg5 h6 21. Bd2 Qb6 22. Nd3 Qxb3 23. axb3 Re8 24. Ra1 a6 25. Re1 Rxe1+ 26. Nxe1 Kf8 27. Kg1 Ke7 28. Kf1 Ke6 29. Ke2 Kf5 30. Nd3 Nf4+ 31. Bxf4 Bxf4 32. g3 Bd6 33. Ne1 Ke4 34. f3+ Kf5 35. g4+ Ke6 36. Ng2 g6 37. Ke3 Bg3 38. f4 g5 39. f5+ Ke5 40. Kf3 Bf4 41. Ne1 Kd5 42. Nd3 Bd6 43. Ke3 c5 44. c4+ Kc6 45. Ke4 f6 46. Nf2 Be5 47. Nd3 Bd4 48. b4 b6 49. b3 Bc3 50. bxc5 bxc5 51. Nf2 Bb2 52. Nh1 Be5 53. Nf2 Bd4 54. Nh3 Kd6 55. Kd3 Kc6 56. b4 Kc7 57. bxc5 Bxc5 58. Kc3 a5 59. Kb3 Kb6 60. Ka4 Ka6 61. Kb3 Kb7 62. Ka4 Kb6 63. Kb3 a4+ 64. Kxa4 Ka6 65. Kb3 Ka5 66. Kc3 Ka4 67. Kd3 Kb3 68. Ke2 Kxc4 69. Kd2 Bd4 70. Kc2 Be3 71. Kd1 Kd4 72. Ke1 Ke4 73. Ke2 Ba7 74. Kf1 Kf3 75. Nf2 Bb6 76. Nd3 Kxg4 77. Nb4 Kxf5 78. Kg2 g4 79. Kh2 Bc7+ 80. Kg2 Bd6 81. Nd5 Kg5 82. Ne3 h5 83. Nc4 Bc7 84. Ne3 h4 85. Kf2 Bb6 86. Ke2 Bxe3 87. Kxe3 h3 88. Kf2 h2 89. Kg2 g3 90. Kh1 f5 91. Kg2 Kg4 92. Kh1 f4 93. Kg2 f3+ 94. Kh1 f2 95. Kg2 h1Q+ 96. Kxh1 0-1

[Event "EU Union-ch U11 12th"]
[Site "Mureck"]
[Date "2014.07.31"]
[Round "2"]
[White "Dajcman, Aleksander"]
[Black "Hercog, Nusa"]
[Result "0-1"]
[WhiteElo "1383"]
[BlackElo "1624"]
[PlyCount "128"]
[EventDate "2014.07.30"]
[EventType "swiss"]
[EventRounds "9"]
[EventCountry "AUT"]
[SourceTitle "CBM 161 Extra"]
[Source "ChessBase"]
[SourceDate "2014.08.29"]
[SourceVersion "1"]
[SourceVersionDate "2014.08.29"]
[SourceQuality "1"]

1. e4 c5 2. Nf3 Nc6 3. d4 cxd4 4. Nxd4 e6 5. Nc3 Qc7 6. Be2 a6 7. Be3 Nf6 8. 0-0 Bb4 9. Na4 b5 10. Nxc6 Qxc6 11. Nb6 Rb8 12. Nxc8 Rxc8 13. Qd4 Qxe4 14. Qxe4 Nxe4 15. Bf3 d5 16. c3 Be7 17. Be2 Rb8 18. a4 bxa4 19. Rxa4 Rxb2 20. Bxa6 0-0 21. c4 dxc4 22. Rxc4 Nf6 23. Rfc1 h6 24. h3 Ra2 25. Bb7 Rb2 26. Ba6 Nd5 27. Bd4 Rd2 28. Kf1 Ra2 29. Bb7 Bg5 30. R1c2 Rxc2 31. Rxc2 Rd8 32. Rc8 Rxc8 33. Bxc8 Bf6 34. Bc5 g5 35. Ke2 Nf4+ 36. Kf3 Nd3 37. Ba3 Ne1+ 38. Kg3 Be5+ 39. Kg4 Nxg2 40. Bb7 Nf4 41. h4 f5+ 42. Kf3 Kf7 43. hxg5 hxg5 44. Bc1 Kf6 45. Ke3 Ng6 46. Ba6 Bf4+ 47. Kf3 Bxc1 48. Kg3 e5 49. Be2 Bf4+ 50. Kg2 e4 51. f3 Nh4+ 52. Kf2 exf3 53. Bxf3 Nxf3 54. Kxf3 Bd6 55. Kg2 g4 56. Kf2 f4 57. Kg2 Kf5 58. Kf2 Ke4 59. Kg2 f3+ 60. Kf2 g3+ 61. Kf1 Ke3 62. Kg1 Ke2 63. Kh1 f2 64. Kg2 f1Q# 0-1

[Event "Opatija op 2nd"]
[Site "Opatija"]
[Date "2014.07.02"]
[Round "4"]
[White "Perion, Alessandra"]
[Black "Dajcman, Aleksander"]
[Result "0-1"]
[WhiteElo "1605"]
[BlackElo "1383"]
[PlyCount "63"]
[EventDate "2014.06.29"]
[EventType "swiss"]
[EventRounds "9"]
[EventCountry "CRO"]
[SourceTitle "CBM 161 Extra"]
[Source "ChessBase"]
[SourceDate "2014.08.29"]
[SourceVersion "1"]
[SourceVersionDate "2014.08.29"]
[SourceQuality "1"]

1. e4 e5 2. Nf3 Nc6 3. Bc4 Bc5 4. Nc3 d6 5. h3 Be6 6. b3 Nf6 7. Bb2 Nd4 8. Na4 Nxf3+ 9. Qxf3 Bb6 10. Nxb6 axb6 11. 0-0-0 Rxa2 12. d4 Bxc4 13. bxc4 exd4 14. Bxd4 0-0 15. e5 Nd7 16. exd6 Qg5+ 17. Qe3 Qxe3+ 18. Bxe3 cxd6 19. Kd2 Ne5 20. Kc3 Ra3+ 21. Kb4 Rfa8 22. Rxd6 R8a4+ 23. Kb5 Ra5+ 24. Kxb6 Nxc4+ 25. Kc7 Nxd6 26. Kxd6 Ra1 27. Rh2 Rd1+ 28. Kc7 Ra2 29. c3 Rc2 30. Bd4 Rxd4 31. Kxb7 Rxc3 32. Ka6 0-1

[Event "Ljubljana Winter op"]
[Site "Ljubljana"]
[Date "2014.01.29"]
[Round "4"]
[White "Dajcman, Aleksander"]
[Black "Marn, Jan"]
[Result "0-1"]
[WhiteElo "1361"]
[BlackElo "1329"]
[PlyCount "66"]
[EventDate "2014.01.08"]
[EventType "swiss"]
[EventRounds "9"]
[EventCountry "SLO"]
[SourceTitle "EXT 2023"]
[Source "ChessBase"]
[SourceDate "2022.10.05"]
[SourceVersion "1"]
[SourceVersionDate "2022.10.05"]
[SourceQuality "1"]

1. d4 d5 2. c4 e6 3. Nc3 Nf6 4. Bg5 Nbd7 5. e3 Be7 6. Nf3 h6 7. Bh4 0-0 8. c5 Re8 9. Bd3 c6 10. 0-0 Bf8 11. Qc2 e5 12. dxe5 Nxe5 13. Nxe5 Rxe5 14. b4 Re8 15. Rfe1 a5 16. a3 axb4 17. axb4 Rxa1 18. Rxa1 b6 19. Ra8 d4 20. Bf5 Bxf5 21. Rxd8 Bxc2 22. Bxf6 Rxd8 23. Bxd8 bxc5 24. Ne2 d3 25. Nc3 cxb4 26. Ba5 d2 27. h3 bxc3 28. Bxc3 d1Q+ 29. Kh2 Bd6+ 30. f4 Qe2 31. Bd4 Be4 32. Kg3 g5 33. Bb6 Qxg2# 0-1

[Event "Ljubljana Winter op"]
[Site "Ljubljana"]
[Date "2014.01.15"]
[Round "2"]
[White "Drobnic, Rok"]
[Black "Dajcman, Aleksander"]
[Result "0-1"]
[WhiteElo "1191"]
[BlackElo "1361"]
[PlyCount "58"]
[EventDate "2014.01.08"]
[EventType "swiss"]
[EventRounds "9"]
[EventCountry "SLO"]
[SourceTitle "EXT 2023"]
[Source "ChessBase"]
[SourceDate "2022.10.05"]
[SourceVersion "1"]
[SourceVersionDate "2022.10.05"]
[SourceQuality "1"]

1. e4 e5 2. f4 exf4 3. Nf3 Be7 4. Bc4 Bh4+ 5. g3 fxg3 6. Bxf7+ Kf8 7. d3 g2+ 8. Kd2 gxh1Q 9. Qxh1 Bg5+ 10. Kd1 Bxc1 11. Kxc1 Kxf7 12. Ne5+ Ke8 13. Qf1 Qg5+ 14. Nd2 Qxe5 15. c3 Qxh2 16. Kc2 Nf6 17. Qf5 Rf8 18. Qg5 Kf7 19. Rg1 Qxg1 20. Qxg1 d6 21. Nf3 Bg4 22. Ng5+ Kg8 23. Qg3 h6 24. Nf3 Bxf3 25. Qxf3 Nc6 26. Qe3 Rae8 27. Qd2 d5 28. exd5 Nxd5 29. a3 Rf6 0-1